Realita, vytriezvenie, či sklamanie? Bezbariérové byty nesplnili očakávanie tých, ktorým boli určené

Bibliographic Details
Main Author: Nováková, Jola (Author)
Format: Article
Language:Slovak
Subjects:

MARC

LEADER 00000nab a2200000 a 4500
001 vtls000892556
003 SK-MaSNL
005 20260304174850.0
008 040720e19940224xo 0 slo
035 |a KE1592 
040 |a KEVKJB  |b slo  |c KEVKJB  |e AACR2 
041 0 |a slo 
044 |a xo  |c SK 
080 |a 362.4  |2 1981 
080 |a 351.778.52  |2 1981 
100 1 |a Nováková, Jola  |4 aut  |9 845816 
245 1 0 |a Realita, vytriezvenie, či sklamanie?  |b Bezbariérové byty nesplnili očakávanie tých, ktorým boli určené 
650 0 7 |a sociálna starostlivosť  |2 KEVKJB  |9 3737 
650 0 7 |a občania postihnutí telesne  |2 KEVKJB  |9 1506676 
650 0 7 |a byty bezbariérové  |2 KEVKJB  |9 881033 
650 0 7 |a využívanie  |2 KEVKJB  |9 458995 
650 0 7 |a problémy  |2 KEVKJB  |9 354460 
650 0 7 |a správy  |2 KEVKJB  |9 276219 
651 7 |a Košice (Slovensko)  |2 KEVKJB  |9 18694 
651 7 |a KE,  |2 KEVKJB  |9 877256 
651 7 |a KE,  |2 KEVKJB  |9 877256 
655 7 |a periodikum  |2 snkbucl  |9 29553 
773 0 8 |t Dobrý deň Roľnícke noviny  |g Roč. 28, č.45, 24.2.1994, s. 4 
852 |a ZVYKNI  |b KIS3GCP 
999 |c 3010753  |d 3012683